| 000 | 00707nam a2200193 4500 | ||
|---|---|---|---|
| 003 | CO-ViMGA | ||
| 020 | _a9789589076576 | ||
| 040 |
_aCO-ViMGA _bspa _cCO-ViMGA |
||
| 082 | 0 | 4 |
_a616 _bM66a |
| 100 | 1 |
_aMontoya Palacio, Martha Nelly _95004 |
|
| 245 | 1 | 0 |
_aAtlas de parasitologìa / _cMartha Nelly, Montoya Palacio. |
| 260 |
_aMedellin, Colombia : _bCIB Corporaciòn para Investigaciones Biologicas, _c2011 |
||
| 300 |
_a171 p. : _bIl. ; Laminas, dibujos. ; 28 cm. |
||
| 500 | _aIncluye indice analítico y lecturas recomendadas. | ||
| 650 | 1 | 4 |
_aCiencias Medicas _94574 |
| 700 | 1 |
_aAgudelo Lòpez, Sonia del Pilar. _ecoaut. _95006 |
|
| 700 | 1 |
_aGomez Calderin, Victor alfonso _ecoaut. _95005 |
|
| 942 |
_2ddc _cBK |
||
| 999 |
_c35882 _d35882 |
||